Introduction to phase transitions and critical phenomena
Saved in:
| Hovedforfatter: | |
|---|---|
| Format: | Bog |
| Sprog: | engelsk |
| Udgivet: |
Nueva York
Oxford University
1971
|
| Serier: | International Series of Monographs on Physics
|
| Fag: | |
| Tags: |
Tilføj Tag
Ingen Tags, Vær først til at tagge denne postø!
|
MARC
| LEADER | 00000nam a2200000 a 4500 | ||
|---|---|---|---|
| 001 | UCL9689 | ||
| 003 | CL-VaPUC | ||
| 008 | 040820e19710000US |||||||||||||||||eng|d | ||
| 020 | |a 0195053168 | ||
| 082 | 0 | 4 | |a 530.4 |b STA |2 21 |
| 100 | 0 | |a Stanley, Harry Eugene |e author |9 487609 | |
| 245 | 1 | 0 | |a Introduction to phase transitions and critical phenomena |
| 300 | |a 308 p | ||
| 942 | |c BK | ||
| 945 | |d 20040820 00:00:00 |a cmena | ||
| 260 | |a Nueva York |b Oxford University |c 1971 | ||
| 650 | 0 | |a Estados de la Materia |9 347141 | |
| 650 | 0 | |a Física estadística |9 260414 | |
| 650 | 0 | |a Física matemática |9 260981 | |
| 650 | 7 | |a FENOMENO CRITICO |2 CL-VaPUC |9 486647 | |
| 583 | |a last modification |c 20040820 00:00:00 |k Rodrigo Vera | ||
| 490 | 0 | |a International Series of Monographs on Physics | |
| 999 | |c 310404 |d 310402 | ||
| 952 | |0 0 |1 0 |4 0 |6 530_400000000000000_STA_1971 |7 0 |8 A |9 378787 |a BIBCUR |b BIBCUR |d 2019-11-21 |i 4050959 |o 530.4 STA 1971 |p 4050959 |r 2025-04-22 |w 2019-11-21 |y BK |k FIS | ||